000 00655nam a2200193Ii 4500
003 JO-AjNU
008 230605s9999||||xx |||||||||||||| ||und||
040 _aJO-AjNU
_bara
_erda
_cJO-AjNU
041 _aara
050 1 4 _aS591.N6321 1980
100 3 _aلجنة من الزراعة ,
_eauthor
_912948
245 0 0 _aمصطلحات الري والبزل وعلم التربه
264 3 1 _aبغداد:المجمع العلمي العراقي ، 1980
300 _a144ص
336 _atext
_btxt
_2rdacontent
337 _aunmediated
_bn
_2rdamedia
338 _avolume
_bnc
_2rdacarrier
650 4 _aالري-اصلاح الارضي -الزراعة
_912949
999 _aA3095
_c6663
_d6663